Letter from Thomas L. Winthrop and others, to the delegation in Congress from the State of Massachusetts, in relation to the claim of the New England Mississippi Land Company.

Bibliographic Details
Corporate Author: ProQuest (Firm)
Format: eBook
Language:English
Published: Washington : [publisher not identified], 1837.
Series:United States congressional serial set.
Subjects:
Online Access:Connect to the full text of this electronic book

MARC

Tag First Indicator Second Indicator Subfields
LEADER 00000cam a22000001a 4500
001 in00002900721
005 20190331185305.0
006 m o d
007 cr un mmmapmmp
008 081223s1837 dcu o f000 0 eng d
035 |a cis2004304725 
040 |a UMI  |c UMI  |d UtOrBLW 
043 |a n-us--- 
099 |a ProQuest Serial Set Number 298 S.doc.212 
245 0 0 |a Letter from Thomas L. Winthrop and others, to the delegation in Congress from the State of Massachusetts, in relation to the claim of the New England Mississippi Land Company. 
246 1 |a Letter from Thomas L. Winthrop and others to Delegation in Congress from Massachusetts, on claim of New England Mississippi Land Company 
264 1 |a Washington :  |b [publisher not identified],  |c 1837. 
300 |a 1 online resource. 
336 |a text  |b txt  |2 rdacontent 
337 |a computer  |b c  |2 rdamedia 
338 |a online resource  |b cr  |2 rdacarrier 
490 0 |a S.doc.212 
500 |a Record is based on bibliographic data in ProQuest U.S. Serial Set Digital Collection (last viewed Dec. 2008). Reuse except for individual research requires license from ProQuest, LLC. 
510 3 |a ProQuest U.S. Serial Set Digital Collection 
500 |a Electronic resource. 
650 0 |a Claims. 
650 0 |a Land tenure. 
651 0 |a Massachusetts. 
655 7 |a Electronic books.  |2 local 
710 2 |a ProQuest (Firm) 
830 0 |a United States congressional serial set. 
856 4 0 |u http://proxy.library.tamu.edu/login?url=http://congressional.proquest.com/congcomp/getdoc?SERIAL-SET-ID=298+S.doc.212  |z Connect to the full text of this electronic book  |t 0 
999 |a MARS 
999 f f |s 69f55007-b7e7-3a09-8229-5aee220f2271  |i 6c9ae911-ea88-3b04-b2b1-23c729b8b872  |t 0 
952 f f |a Texas A&M University  |b College Station  |c Electronic Resources  |d Available Online  |t 0  |e ProQuest Serial Set Number 298 S.doc.212  |h Other scheme 
998 f f |a ProQuest Serial Set Number 298 S.doc.212  |t 0  |l Available Online